[Event "AUTO-BEG-438"]
[Site "http://www.queenalice.com/game.php?id=855388"]
[Date "2010.11.6"]
[Round "1"]
[White "lane"]
[Black "JORDAN23"]
[Result "1-0"]
[WhiteElo "1339"]
[BlackElo "1464"]

1. e4 e5 2. Nf3 Bd6 3. Nc3 Bc5 4. d4 exd4 5. Nb5 Bb4+ 6. Bd2 Bc5 7. Ne5 Nh6 8.
Bg5 Qxg5 9. Bc4 Qxe5 10. f3 a6 11. Nc3 dxc3 12. bxc3 Qxc3+ 13. Kf1 Qxc4+ 14. Ke1
Bb4+ 15. c3 Bxc3+ 16. Kf2 Bxa1 17. Qxa1 O-O 18. Kg3 d6 19. Rc1 Qb5 20. a4 Qg5+
21. Kf2 c5 22. Rd1 Nc6 23. Rxd6 Nd4 24. Rxd4 Ng4+ 25. fxg4 Qf4+ 26. Ke2 cxd4 27.
Qxd4 Qxg4+ 28. Kd3 Qxg2 29. Kc4 Qxh2 30. e5 Be6+ 31. Kd3 Rad8 32. Qxd8 Qxe5 33.
Qd4 1-0

[Event "AUTO-BEG-438"]
[Site "http://www.queenalice.com/game.php?id=855391"]
[Date "2010.11.6"]
[Round "1"]
[White "JORDAN23"]
[Black "LeoPrado"]
[Result "1-0"]
[WhiteElo "1515"]
[BlackElo "1319"]

1. e4 e5 2. Qf3 Nf6 3. Nh3 h6 4. d3 Nc6 5. Be2 Nd4 6. Qe3 Nxc2+ 7. Kf1 Nxe3+ 8.
fxe3 d5 9. exd5 Bxh3 10. gxh3 Qxd5 11. e4 Qd7 12. h4 Qh3+ 13. Ke1 1-0

[Event "AUTO-BEG-438"]
[Site "http://www.queenalice.com/game.php?id=855392"]
[Date "2010.11.6"]
[Round "1"]
[White "LeoPrado"]
[Black "JORDAN23"]
[Result "0-1"]
[WhiteElo "1337"]
[BlackElo "1506"]

1. e4 e5 2. Nf3 d6 3. Bc4 Nf6 4. Ng5 Ng4 5. Nxf7 Qf6 6. Qf3 Rg8 7. Nxd6+ Qxd6 8.
d3 Nc6 9. Bg5 Be6 10. Bxe6 Qxe6 11. Nc3 Nb4 12. Kd1 Bc5 13. a3 Nxf2+ 14. Kd2
Nxh1 0-1

[Event "Challenge"]
[Site "http://www.queenalice.com/game.php?id=860563"]
[Date "2010.11.18"]
[Round "-"]
[White "robertson"]
[Black "JORDAN23"]
[Result "1-0"]
[WhiteElo "1653"]
[BlackElo "1519"]

1. e4 e5 2. Nf3 d6 3. d3 d5 4. Nxe5 dxe4 5. d4 Nh6 6. g4 f6 7. Nc4 Bxg4 8. Qd2
Nc6 9. c3 Qd7 10. Qe3 f5 11. Nbd2 O-O-O 12. Rg1 Qd5 13. h3 Bh5 14. b4 b5 15. Na3
Bd6 16. Bxb5 f4 17. c4 Nxb4 18. Qc3 Nd3+ 19. Kf1 Bb4 20. Qb3 Qxd4 21. Rg2 Qxa1
22. Nab1 Bxd2 23. Ba6+ Kd7 24. Qb5+ c6 25. Qb7+ Kd6 26. Ba3+ Nc5 27. Bxc5+ Kxc5
28. Qxa7+ Kd6 29. c5+ Kd5 30. Rg5+ Kd4 31. Qxg7# 1-0

[Event "Challenge"]
[Site "http://www.queenalice.com/game.php?id=860712"]
[Date "2010.11.19"]
[Round "-"]
[White "Ederson"]
[Black "JORDAN23"]
[Result "0-1"]
[WhiteElo "1118"]
[BlackElo "1456"]

1. d4 d5 2. Nc3 e6 3. f4 Bd6 4. g3 Nh6 5. Nf3 O-O 6. Nb5 Be7 7. Ne5 a6 8. Nc3
Bf6 9. Qd3 b5 10. Nf3 Nc6 11. e3 Nb4 12. Qe2 Qd6 13. a3 Nc6 14. b4 Nf5 15. a4
Qxb4 16. axb5 Qxc3+ 17. Nd2 Qxa1 18. Nb3 Qc3+ 19. Qd2 Bxd4 20. exd4 Qf3 21. Bg2
Nfxd4 22. Bxf3 Nxf3+ 23. Kf2 Nxd2 24. Nxd2 axb5 25. Nf3 Ra1 26. Ng5 Ra2 27. Kg2
Rxc2+ 28. Kh3 e5+ 29. g4 exf4 30. Rf1 f6 31. Nf3 h5 32. Nh4 hxg4# 0-1

[Event "Challenge"]
[Site "http://www.queenalice.com/game.php?id=862617"]
[Date "2010.11.22"]
[Round "-"]
[White "carpielo"]
[Black "JORDAN23"]
[Result "0-1"]
[WhiteElo "1733"]
[BlackElo "1476"]

1. d4 d5 2. e3 e6 3. Nf3 Nh6 4. Bd3 Bd6 5. O-O O-O 6. e4 dxe4 7. Bxe4 Ng4 8.
Bxh7+ Kxh7 9. Ng5+ Kg8 10. Qxg4 e5 11. Qh5 Bf5 12. dxe5 Bxe5 13. Nc3 Bg6 14. Qh4
Nc6 15. Ne2 Bxc2 16. Nf4 Bxf4 17. Bxf4 Bg6 18. Qg3 Nd4 19. Bxc7 Ne2+ 0-1

[Event "Challenge"]
[Site "http://www.queenalice.com/game.php?id=862657"]
[Date "2010.11.23"]
[Round "-"]
[White "donnybaby"]
[Black "JORDAN23"]
[Result "1-0"]
[WhiteElo "1770"]
[BlackElo "1508"]

1. e3 e5 2. c3 d5 3. h3 e4 4. d3 Bf5 5. g4 Bg6 6. h4 exd3 7. Bxd3 Be4 8. Bxe4
dxe4 9. Qxd8+ Kxd8 10. g5 g6 11. Nd2 f5 12. gxf6 Nxf6 13. Ne2 Nc6 14. Ng3 Ne5
15. Ndxe4 Nd3+ 16. Ke2 Nxe4 17. Nxe4 Nxc1+ 18. Raxc1 Ke8 19. Rcd1 Be7 20. f4 b5
21. h5 gxh5 22. Rxh5 h6 23. Rdh1 a5 24. Rxh6 Rxh6 25. Rxh6 a4 26. f5 Kf7 27.
Rh7+ Ke8 28. Rh8+ Bf8 29. Ng5 Ke7 30. e4 Kf6 31. Nh7+ Kg7 32. Rxf8 Rxf8 33. Nxf8
Kxf8 34. Kd3 Kf7 35. Kd4 Kf6 36. Kd5 Kg5 37. Kc6 1-0

[Event "Challenge"]
[Site "http://www.queenalice.com/game.php?id=863007"]
[Date "2010.11.23"]
[Round "-"]
[White "kleberrocha"]
[Black "JORDAN23"]
[Result "0-1"]
[WhiteElo "1476"]
[BlackElo "1433"]

1. e4 e5 2. Nf3 Nc6 3. g4 d5 4. exd5 Qxd5 5. g5 Bg4 6. Bg2 e4 7. Nc3 Bxf3 8.
Nxd5 Bxd1 9. Nxc7+ Kd8 10. Nxa8 Bxc2 11. Bxe4 Bxe4 12. Rg1 g6 13. Rg4 Bf5 14.
Rc4 Kc8 15. d3 Bxd3 16. Rc3 Bb4 17. Kd2 Bxc3+ 18. Kxc3 Bf5 19. Bf4 Nge7 20. Kc4
Rd8 21. Kc5 Rd5+ 22. Kc4 Rd4+ 23. Kc3 Rxf4 24. a4 Kb8 0-1

[Event "Challenge"]
[Site "http://www.queenalice.com/game.php?id=863432"]
[Date "2010.11.24"]
[Round "-"]
[White "kleberrocha"]
[Black "JORDAN23"]
[Result "0-1"]
[WhiteElo "1404"]
[BlackElo "1459"]

1. e4 e5 2. Qf3 Nh6 3. g4 d6 4. Bh3 Qg5 5. Ne2 Nxg4 6. Qg2 Qf4 7. Nxf4 exf4 8.
Bxg4 Bxg4 9. Qxg4 Nc6 10. Qxf4 O-O-O 11. b3 Nd4 12. c3 Nc2+ 13. Kd1 Nxa1 14. Bb2
Nxb3 15. axb3 f6 16. Na3 a6 17. c4 c5 18. d4 cxd4 19. Bxd4 d5 20. Bb6 Bd6 21.
Qf5+ Rd7 22. cxd5 Bxa3 23. Re1 Re8 24. Qxh7 Be7 25. Qxg7 Bd8 26. Bc5 Rxg7 27. d6
Rg2 28. Kc1 Rxh2 29. Rd1 Rxe4 30. d7+ Kc7 31. Rd6 Rxf2 32. Bxf2 Kxd6 33. Kd2
Kxd7 34. Kd3 f5 35. b4 Rxb4 36. Be1 Rb5 37. Kc4 f4 0-1

[Event "Challenge"]
[Site "http://www.queenalice.com/game.php?id=864794"]
[Date "2010.11.28"]
[Round "-"]
[White "Pepe_chaves"]
[Black "JORDAN23"]
[Result "1-0"]
[WhiteElo "1572"]
[BlackElo "1523"]

1. e4 e5 2. Nf3 Nc6 3. Nc3 Nh6 4. Bb5 Na5 5. Nxe5 c6 6. Ba4 Bc5 7. d4 Bd6 8.
Bxh6 gxh6 9. Qh5 Bxe5 10. Qxe5+ Qe7 11. Qxh8+ Qf8 12. Qf6 b5 13. Bb3 Nb7 14. d5
Nd6 15. O-O b4 16. Ne2 Nxe4 17. Qe5+ Qe7 18. Qxe7+ Kxe7 19. Nd4 Nd2 20. Rfe1+
Kf8 21. Re2 Nxb3 22. axb3 c5 23. Nf5 h5 24. Rae1 d6 25. Re8# 1-0

[Event "Challenge"]
[Site "http://www.queenalice.com/game.php?id=866010"]
[Date "2010.11.30"]
[Round "-"]
[White "kleberrocha"]
[Black "JORDAN23"]
[Result "0-1"]
[WhiteElo "1414"]
[BlackElo "1506"]

1. e3 e5 2. Bc4 d5 3. Bb3 Nh6 4. Qf3 e4 5. Qf4 Be7 6. Nc3 c6 7. Qe5 O-O 8. Nh3
Bf6 9. Qf4 Bxh3 10. gxh3 Na6 11. Qg3 Nb4 12. f3 Nxc2+ 13. Kd1 Nxa1 14. Ba4 Nf5
15. Qf4 Nh4 16. fxe4 Ng2 17. Qf2 Nh4 18. exd5 cxd5 19. b3 d4 20. Ne4 dxe3 21.
Qg3 exd2 22. Bxd2 Rc8 23. Ke2 Nc2 24. Bh6 Nd4+ 25. Kf2 Ndf5 26. Qg4 Nxh6 27. Qf4
Rc2+ 28. Ke3 Qd4# 0-1

[Event "Challenge"]
[Site "http://www.queenalice.com/game.php?id=866758"]
[Date "2010.12.2"]
[Round "-"]
[White "robertson"]
[Black "JORDAN23"]
[Result "1-0"]
[WhiteElo "1624"]
[BlackElo "1513"]

1. e4 e5 2. Qf3 Nh6 3. Nc3 c6 4. Nh3 d6 5. Bc4 Bxh3 6. Qxh3 Nd7 7. d3 Nf6 8. f3
b5 9. Bb3 a5 10. a4 b4 11. Ne2 Be7 12. Qg3 g6 13. Be3 Nfg8 14. c3 Bh4 15. d4
Bxg3+ 16. hxg3 f5 17. Bxh6 Nxh6 18. Rxh6 fxe4 19. fxe4 exd4 20. cxd4 Qe7 21. Rh4
Qg5 22. Rc1 Rc8 23. d5 c5 24. Rf4 Qe5 25. Rc2 Kd7 26. Bc4 g5 27. Rf5 Qxe4 28.
Bb5+ Kc7 29. Rf7+ Kb8 30. Kd1 Qxg2 31. Rd7 Qxd5+ 32. Rd2 1-0

[Event "Challenge"]
[Site "http://www.queenalice.com/game.php?id=866774"]
[Date "2010.12.2"]
[Round "-"]
[White "williamscaramuzzi"]
[Black "JORDAN23"]
[Result "0-1"]
[WhiteElo "1339"]
[BlackElo "1523"]

1. b3 e5 2. Bb2 d6 3. e4 Nc6 4. Bb5 a6 5. Bxc6+ Ke7 6. Bd5 Nf6 7. c4 c6 8. Bxf7
Kxf7 9. Nf3 Nxe4 10. d4 Qa5+ 11. Nfd2 Bf5 0-1

[Event "Challenge"]
[Site "http://www.queenalice.com/game.php?id=866775"]
[Date "2010.12.2"]
[Round "-"]
[White "eduardofelix"]
[Black "JORDAN23"]
[Result "1-0"]
[WhiteElo "1771"]
[BlackElo "1468"]

1. e4 d5 2. c3 Nf6 3. e5 Ng4 4. d4 Nh6 5. Nf3 Bg4 6. Qd3 e6 7. Qb5+ Nc6 8. Qxb7
Bxf3 9. Qxc6+ Ke7 10. Bxh6 Be4 11. Be3 Bxb1 12. Bb5 f6 13. Rxb1 Kf7 14. exf6
gxf6 15. O-O Bd6 16. Be2 e5 17. Qxd5+ 1-0

[Event "Challenge"]
[Site "http://www.queenalice.com/game.php?id=866858"]
[Date "2010.12.2"]
[Round "-"]
[White "donnybaby"]
[Black "JORDAN23"]
[Result "1-0"]
[WhiteElo "1761"]
[BlackElo "1532"]

1. e3 e5 2. c3 d5 3. d4 Bd6 4. dxe5 Bxe5 5. g3 Nh6 6. f4 Bd6 7. Bh3 O-O 8. Bxc8
Qxc8 9. h3 Kh8 10. Nd2 Nf5 11. Qf3 c6 12. g4 Nxe3 13. Rb1 Qe8 14. Kf2 Bc5 15.
Kg3 Nd7 16. b4 Be7 17. Qxe3 Bd6 18. Qxe8 Raxe8 19. Bb2 Re3+ 20. Ngf3 g5 21. c4+
f6 22. Kf2 Bxf4 23. Nxg5 Bxg5 24. h4 Bf4 25. Rbe1 Rxe1 26. Kxe1 Re8+ 27. Kd1
Bxd2 28. Kxd2 dxc4 29. g5 Rf8 30. Rf1 b5 31. gxf6 1-0

[Event "Challenge"]
[Site "http://www.queenalice.com/game.php?id=869493"]
[Date "2010.12.8"]
[Round "-"]
[White "amaralch7"]
[Black "JORDAN23"]
[Result "1-0"]
[WhiteElo "1804"]
[BlackElo "1464"]

1. e4 e5 2. Nf3 d6 3. Bc4 Nh6 4. d3 Nc6 5. Bb5 Be7 6. Bxc6+ bxc6 7. Bxh6 gxh6 8.
O-O Bg4 9. c4 Bxf3 10. Qxf3 Bg5 11. b3 O-O 12. Nc3 Qe7 13. h3 Bd2 14. Nb1 1-0

[Event "Challenge"]
[Site "http://www.queenalice.com/game.php?id=882356"]
[Date "2011.1.6"]
[Round "-"]
[White "TIKAR"]
[Black "JORDAN23"]
[Result "1-0"]
[WhiteElo "1351"]
[BlackElo "1490"]

1. g3 d5 2. d4 Nc6 3. Nf3 Bg4 4. e3 Nf6 5. h3 Bxf3 6. Qxf3 e6 7. Bd3 Qd6 8. b3
Nb4 9. Na3 O-O-O 10. O-O Nxd3 11. cxd3 h5 12. Nb5 Qb6 13. a4 a6 14. a5 Qxb5 15.
e4 Qxb3 16. exd5 exd5 17. Bg5 1-0